Tendencias legislativas sobre migración en Centroamérica: documento para discusión /
El documento reseña de forma general la legislación migratoria vigente en los países de Guatemala, Honduras, El Salvador, Nicaragua, Costa Rica y Panamá, con sus principales características, coincidencias y diferencias, así como también el aporte que la Conferencia Regional sobre Migración ha incorp...
Saved in:
| Format: | Text |
|---|---|
| Language: | Spanish |
| Published: |
San Salvador:
IDHUCA ;
2006
|
| Subjects: | |
| Tags: |
Add Tag
No Tags, Be the first to tag this record!
|
MARC
| LEADER | 00000 a a2200000 04500 | ||
|---|---|---|---|
| 001 | 34523 | ||
| 003 | CRAI/IIS | ||
| 005 | 20220106090823.0 | ||
| 008 | 210531s2006 es ||||| |||| 00| 0 spa d | ||
| 020 | |a [sin ISBN] | ||
| 040 | |a Centro de Recursos para el Aprendizaje y la Investigación |b Español |c CRAI/IIS | ||
| 090 | |a 14.07.01 T291t | ||
| 245 | |a Tendencias legislativas sobre migración en Centroamérica: |b documento para discusión / |c IDHUCA | ||
| 260 | |a San Salvador: |b IDHUCA ; |c 2006 | ||
| 300 | |a 120 páginas | ||
| 500 | |a Colección Centroamérica | ||
| 520 | |a El documento reseña de forma general la legislación migratoria vigente en los países de Guatemala, Honduras, El Salvador, Nicaragua, Costa Rica y Panamá, con sus principales características, coincidencias y diferencias, así como también el aporte que la Conferencia Regional sobre Migración ha incorporado en materia de política migratoria en los países que en ella participan, para arribar finalmente a la formulación de conclusiones y recomendaciones. Desde luego, el propósito de este documento es la adopción por parte de obras de la Compañía de Jesús y otras organizaciones civiles que trabajan en el tema de las conclusiones y recomendaciones como insumos del trabajo de cabildeo desde la sociedad civil realizan | ||
| 650 | |a LEGISLACION SOBRE INMIGRACION |0 TESAUROS | ||
| 650 | |a POLITICA MIGRATORIA |0 TESAUROS | ||
| 650 | |a ESTUDIOS DE CASOS |0 TESAUROS | ||
| 650 | |a GUATEMALA |0 TESAUROS | ||
| 650 | |a HONDURAS |0 TESAUROS | ||
| 650 | |a COSTA RICA |0 TESAUROS | ||
| 650 | |a NICARAGUA |0 TESAUROS | ||
| 650 | |a PANAMA |0 TESAUROS | ||
| 650 | |a AMERICA CENTRAL |0 TESAUROS | ||
| 852 | 1 | 1 | |a 14.07.01 T291t |
| 942 | |2 ddc |c LI |h 14.07.01 T291t |k 14.07.01 |m T291t |6 140701_T291T | ||
| 999 | |c 11372 |d 11372 | ||
